The strategy unit's report: waste not, want not - a wasted opportunity? (Record no. 73103)
[ view plain ]
| 000 -LEADER | |
|---|---|
| fixed length control field | 01152cam a2200217 4500 |
| 001 - CONTROL NUMBER | |
| control field | ABS66943 |
| 008 - FIXED-LENGTH DATA ELEMENTS--GENERAL INFORMATION | |
| fixed length control field | 030724n2003 000 0 eng u |
| 035 ## - SYSTEM CONTROL NUMBER | |
| System control number | (Sirsi) u123113 |
| 100 ## - MAIN ENTRY--PERSONAL NAME | |
| Personal name | Eduljee, G. |
| 245 #4 - TITLE STATEMENT | |
| Title | The strategy unit's report: waste not, want not - a wasted opportunity? |
| 260 ## - PUBLICATION, DISTRIBUTION, ETC. | |
| Date of publication, distribution, etc. | 2003 |
| 490 ## - SERIES STATEMENT | |
| Series statement | Wastes Management |
| Volume/sequential designation | July 2003, 30-33(4) |
| 520 ## - SUMMARY, ETC. | |
| Summary, etc. | Examines the recommendations and potential impact of government's Strategy Unit report "Waste not, want not". Lists five key points of the report which deals primarily with household waste and comments on the report's recommendations for source separation and segregation (kerbside recycling), the role of incineration and the best practicable environmental option (BPEO). Argues that the report fails to provide clear strategic guidance to local authorities and service providers and identifies several issues that require further consideration. |
| 590 ## - LOCAL NOTE (RLIN) | |
| Local note | ABS |
| 650 ## - SUBJECT ADDED ENTRY--TOPICAL TERM | |
| Topical term or geographic name entry element | WASTE INCINERATION |
| 650 ## - SUBJECT ADDED ENTRY--TOPICAL TERM | |
| Topical term or geographic name entry element | HOUSEHOLD WASTE |
| 650 ## - SUBJECT ADDED ENTRY--TOPICAL TERM | |
| Topical term or geographic name entry element | WASTE STRATEGY |
| 650 ## - SUBJECT ADDED ENTRY--TOPICAL TERM | |
| Topical term or geographic name entry element | WASTE RECYCLING |
| 690 ## - LOCAL SUBJECT ADDED ENTRY--TOPICAL TERM (OCLC, RLIN) | |
| Topical term or geographic name as entry element | ENVIRONMENTAL AND LAND CONSULTANCY-WASTE MANAGEMENT |
| 942 ## - ADDED ENTRY ELEMENTS (KOHA) | |
| Suppress in OPAC | 0 |
| Withdrawn status | Lost status | Source of classification or shelving scheme | Damaged status | Not for loan | Home library | Current library | Shelving location | Date acquired | Total Checkouts | Full call number | Barcode | Date last seen | Copy number | Price effective from | Koha item type |
|---|---|---|---|---|---|---|---|---|---|---|---|---|---|---|---|
| Dewey Decimal Classification | London | London | Journal article | 24/07/2003 | ABS66943 | 123113-1001 | 06/08/2019 | 1 | 06/08/2019 | Journal article |